Berühmte Vornamen - Statistiken

Allgemein
  • Dieses Quiz wurde 1.028 mal gespielt
  • Das Durchschnittsergebnis liegt bei 13 aus 18
Antwortstatistiken
Vorname Nachnamen % Korrekt
Albert Einstein, Camus, Schweitzer
99%
Thomas Mann, Edison, Gottschalk
95%
Angela Bassett, Merkel, Gossow
94%
Heidi Klum, Brühl, Hetzer
94%
Sebastian Vettel, Rudy, Kurz, Prödl
85%
Heinrich Heine, Böll, Himmler
84%
Charles Darwin, Bukowski, de Gaulle
83%
Friedrich Schiller, Nietzsche, Engels
83%
Hermann Hesse, Göring, Nitsch
77%
Richard Wagner, Nixon, Strauss
71%
Christina Ricci, Aguilera, Applegate
67%
Brigitte Bardot, Nielsen, Zypries
61%
Gerhard Richter, Schröder, Berger, Thieme
59%
Oscar Wilde, de la Renta, Pistorius
57%
Eva Mendes, Braun, Herman, Peron
54%
Olivia Newton-John, Wilde, de Havilland
52%
Ulrike Meinhof, Folkerts, Maier
46%
Theresa May, Underberg, Scholze
26%
Keine übereinstimmenden Quizze gefunden
Verteilung der Resultate
Anzahl Personen mit jedem Resultat
Perzentil nach korrekt beantworteten Fragen
Ihre Resultats-Entwicklung
Sie haben dieses Quiz noch nicht gespielt